000 00808nam a2200241 i 4500
001 bg
100 1 _aSCHAEFER, Robert
245 1 0 _aPodstawy genetycznej optymalizacji globalnej /
_cRobert Schaefer ; [rozdz.
_n6 napisał Henryk Telega].
260 _aKraków :
_bWydaw. Uniwersytetu Jagiellońskiego,
_c2002.
300 _a245 s. :
_bil. ;
_c24 cm.
504 _aBibliogr.
650 9 _aAlgorytmy genetyczne
650 9 _aOptymalizacja
_xmetody
700 1 _aTELEGA, Henryk
020 _a832331568X
040 _cBPK
041 0 _apol
080 _a004.4:519.8:510.5:575
920 _a83-233-1568-X
942 _cKS
008 s pl f |000 0 pol
999 _c42870
_d42870
856 _uhttp://koha.tu.koszalin.pl/cgi-bin/koha/opac-detail.pl?biblionumber=42870
_yKatalog online BPK